000 00633nam a2200229 a 4500
999 _c980
_d980
008 191114t2004 ii a|||g |||| 00| 0 eng d
020 _a9788171883389
_cRs. 995.00
_qVol.1
040 _aKO
_beng
041 0 _aeng
044 _aii
082 0 4 _223
_a338.954
_bR162
100 1 _aRangarajan, C.
245 1 0 _aSelect Essays on Indian Economy /
_cC. Rangarajan
260 _aNew Delhi :
_bAcademic Foundation ,
_c2004
300 _a2V :
_bill. ;
_c22 cm
650 0 _aEconomic policy
_zIndia
650 0 _aFiscal policy
_zIndia
650 0 _aAppropriations and expenditures
_zIndia
904 _aA_BOSE
942 _cBK